[Event "PMPJ 2022 - C15"]
[Site "Jastrzebia Gora"]
[Date "2022.11.12"]
[Round "6.26"]
[White "Matysik, Mateusz"]
[Black "Zydok, Ignacy"]
[Result "1/2-1/2"]
[BlackElo "1200"]
[WhiteElo "1095"]
[LiveChessVersion "1.4.4"]

1. e4 {[%clk 1:30:59]} c5 {[%clk 1:30:58]} 2. Nf3 {[%clk 1:31:27]} a6
{[%clk 1:31:25]} 3. d4 {[%clk 1:31:46]} cxd4 {[%clk 1:31:47]} 4. Nxd4
{[%clk 1:32:08]} Nf6 {[%clk 1:32:14]} 5. Nc3 {[%clk 1:32:07]} e5 {[%clk 1:32:41]}
6. Nf3 {[%clk 1:27:29]} Bb4 {[%clk 1:31:49]} 7. Bc4 {[%clk 1:25:05]} Bxc3+
{[%clk 1:29:18]} 8. bxc3 {[%clk 1:25:25]} b5 {[%clk 1:28:23]} 9. Bb3
{[%clk 1:20:46]} Qc7 {[%clk 1:24:14]} 10. O-O {[%clk 1:17:43]} O-O
{[%clk 1:23:40]} 11. Ba3 {[%clk 1:07:31]} Rd8 {[%clk 1:20:06]} 12. Be7 Re8
{[%clk 1:20:23]} 13. Bxf6 {[%clk 1:06:40]} gxf6 {[%clk 1:20:49]} 14. Nh4
{[%clk 1:03:05]} d6 {[%clk 1:15:45]} 15. Nf5 {[%clk 0:55:02]} Bxf5
{[%clk 1:13:46]} 16. exf5 {[%clk 0:55:30]} Nc6 {[%clk 1:12:17]} 17. Bd5
{[%clk 0:51:26]} Kh8 {[%clk 1:02:48]} 18. Qh5 {[%clk 0:50:27]} Re7
{[%clk 1:02:27]} 19. Qh6 {[%clk 0:50:37]} Rg8 {[%clk 1:02:06]} 20. Qxf6+
{[%clk 0:50:15]} Rg7 {[%clk 1:02:28]} 21. a4 {[%clk 0:49:17]} b4 {[%clk 1:02:37]}
22. g3 {[%clk 0:49:04]} Re8 {[%clk 1:02:46]} 23. Rad1 {[%clk 0:47:12]} bxc3
{[%clk 1:01:11]} 24. Bxc6 {[%clk 0:47:07]} Qxc6 {[%clk 1:01:37]} 25. Rxd6
{[%clk 0:47:32]} Qxa4 {[%clk 1:00:14]} 26. Rd8 {[%clk 0:47:43]} h5
{[%clk 1:00:41]} 27. Rfd1 {[%clk 0:46:19]} Rxd8 {[%clk 0:59:16]} 28. Qxd8+
{[%clk 0:45:54]} Kh7 {[%clk 0:58:24]} 29. Qf8 {[%clk 0:43:44]} Qxc2
{[%clk 0:54:50]} 30. Rd8 {[%clk 0:44:07]} Qxf5 {[%clk 0:55:15]} 31. Qh8+
{[%clk 0:43:58]} Kg6 {[%clk 0:55:41]} 32. Rd6+ {[%clk 0:44:13]} f6
{[%clk 0:55:53]} 33. Qe8+ {[%clk 0:44:11]} Kg5 {[%clk 0:51:06]} 34. h4+
{[%clk 0:42:30]} Kg4 {[%clk 0:51:20]} 35. Qa4+ {[%clk 0:42:20]} Kh3
{[%clk 0:34:33]} 36. Qd1 {[%clk 0:39:46]} c2 {[%clk 0:26:35]} 37. Qf1+
{[%clk 0:39:37]} Kg4 {[%clk 0:27:01]} 38. Qc4+ {[%clk 0:39:50]} e4
{[%clk 0:18:29]} 39. Qxc2 {[%clk 0:36:46]} Qf3 40. Qc8+ f5 1/2-1/2

[Event "PMPJ 2022 - C15"]
[Site "Jastrzebia Gora"]
[Date "2022.11.12"]
[Round "6.27"]
[White "Bialy, Borys"]
[Black "Paluszek, Jan"]
[Result "0-1"]
[BlackElo "1348"]
[WhiteElo "1526"]
[LiveChessVersion "1.4.4"]

1. d4 Nf6 2. c4 g6 3. Nc3 Bg7 4. e4 d6 5. f3 O-O 6. Be3 Nc6 7. Qd2 a6 8. Nge2 Rb8
9. Bh6 b5 10. Bxg7 Kxg7 11. Ng3 b4 12. Na4 e5 13. d5 Nd4 14. b3 Bd7 15. Nb2 Qe7
16. h4 h5 17. Ne2 Nxe2 18. Bxe2 c6 19. O-O-O cxd5 20. cxd5 a5 21. g4 Rh8 22. Qg5
Qd8 23. gxh5 Nxh5 24. Qg1 Nf4 25. Bc4 Rxh4 26. Rd2 Rxh1 27. Qxh1 Qg5 28. Rh2
Nxd5+ 29. Kb1 Nc3+ 30. Ka1 Be6 31. Bxe6 fxe6 32. Nc4 Nb5 33. Rh7+ Kf6 34. Ne3
Qxe3 35. Qh4+ Qg5 36. Rf7+ Kxf7 37. Qxg5 Rh8 38. f4 Rh1+ 39. Kb2 Na3 0-1

[Event "PMPJ 2022 - C15"]
[Site "Jastrzebia Gora"]
[Date "2022.11.12"]
[Round "6.28"]
[White "Przedlacki, Wiktor"]
[Black "Szewczak, Filip"]
[Result "1-0"]
[BlackElo "1118"]
[WhiteElo "1474"]
[LiveChessVersion "1.4.4"]

1. e4 c5 2. Nf3 e6 3. d4 cxd4 4. Nxd4 Nf6 5. Nc3 Nc6 6. Ndb5 d5 7. exd5 exd5 8.
Bf4 Be6 9. Nc7+ Kd7 10. Nxa8 Qxa8 11. Be2 Bb4 12. O-O Qe8 13. Bf3 Kc8 14. Nxd5
Nxd5 15. Bxd5 g5 16. Bxe6+ Qxe6 17. Bd2 Bd6 18. Bc3 Rg8 19. Qh5 Rg6 20. Rfe1 Qf5
21. Rad1 Bc5 22. Qf3 Qxc2 23. Rd2 Qa4 24. Qxf7 Rd6 25. Rxd6 Bxd6 26. Bf6 Ne5 27.
Bxe5 Bxe5 28. Qe6+ 1-0

[Event "PMPJ 2022 - C15"]
[Site "Jastrzebia Gora"]
[Date "2022.11.12"]
[Round "6.29"]
[White "Zmuda, Tomasz"]
[Black "Mazurek, Filip"]
[Result "0-1"]
[BlackElo "1269"]
[WhiteElo "1373"]
[LiveChessVersion "1.4.4"]

1. e4 c5 2. Nf3 d6 3. d4 cxd4 4. Nxd4 Nf6 5. Nc3 a6 6. Bc4 e6 7. Be3 Be7 8. Qe2
Qc7 9. Bb3 Nc6 10. O-O-O b5 11. a3 O-O 12. g4 Na5 13. Ba2 Bb7 14. f3 Nd7 15. h4
Ne5 16. g5 Nec4 17. Nb1 Nxe3 18. Qxe3 Nc4 19. Qe2 d5 20. Bxc4 bxc4 21. Nc3 Qa5
22. exd5 Bxa3 23. Qxc4 Rac8 24. Nc6 Bxc6 25. dxc6 Bb4 26. Rd4 Bxc3 27. Qa4 Bd2+
28. Kd1 Qxa4 29. Rxa4 Rfd8 30. Rxa6 Bf4+ 31. Ke2 Rd2+ 32. Kf1 Rxc2 33. Ra4 e5 0-1

[Event "PMPJ 2022 - C15"]
[Site "Jastrzebia Gora"]
[Date "2022.11.12"]
[Round "6.30"]
[White "Brudzynski, Wojciech"]
[Black "Skrzypczak, Jan"]
[Result "1/2-1/2"]
[BlackElo "1536"]
[WhiteElo "1246"]
[LiveChessVersion "1.4.4"]

1. d4 d5 2. c4 e6 3. Nc3 Be7 4. Nf3 Nf6 5. Bf4 O-O 6. e3 c5 7. Be2 Nbd7 8. cxd5
exd5 9. dxc5 Nxc5 10. O-O Be6 11. Rc1 Qb6 12. Be5 Ncd7 13. Na4 Qa5 14. Bc7 Qb4
15. Nd4 Bd8 16. a3 Qe7 17. f4 Nb6 18. Nxb6 axb6 19. Nb5 Bd7 20. Be5 Ng4 21. Bxg4
Bxb5 22. Be2 Bc6 23. Bd3 Bc7 24. Bd4 f5 25. Rf3 Rad8 26. Rg3 g6 27. Qh5 Qe6 28.
Rf1 Rf7 29. Qh6 b5 30. Rff3 Bd6 31. Rh3 Bf8 32. Qh4 Be7 33. Qh6 Bf8 34. Qg5 Be7
35. Qg3 Bf6 36. Bxf6 Qxf6 37. Qf2 d4 38. Rfg3 dxe3 1/2-1/2

[Event "PMPJ 2022 - C15"]
[Site "Jastrzebia Gora"]
[Date "2022.11.12"]
[Round "6.31"]
[White "Dechnik, Marcel"]
[Black "Obidzinski, Cezary"]
[Result "0-1"]
[BlackElo "1261"]
[WhiteElo "1238"]
[LiveChessVersion "1.4.4"]

1. e4 e6 2. Nf3 d5 3. Nc3 Nf6 4. e5 Nfd7 5. d4 c5 6. dxc5 Bxc5 7. Bf4 Qb6 8. Qd2
Bxf2+ 9. Kd1 Bc5 10. Bd3 Nc6 11. Rf1 Be7 12. Qe1 Nc5 13. Bb5 Bd7 14. Bxc6 Bxc6
15. Nd4 O-O 16. Qg3 Rfd8 17. Bh6 Bf8 18. Qf3 gxh6 19. Qxf7+ Kh8 20. Nxe6 Nxe6 21.
Qxe6 d4 22. Ne2 d3 23. Nf4 dxc2+ 24. Kxc2 Be4+ 25. Kc3 Qb4# 0-1

[Event "PMPJ 2022 - C15"]
[Site "Jastrzebia Gora"]
[Date "2022.11.12"]
[Round "7.1"]
[White "Szymkiewicz, Witold"]
[Black "Wydmanski, Szymon"]
[Result "0-1"]
[BlackElo "1809"]
[WhiteElo "1658"]
[LiveChessVersion "1.4.4"]

1. d4 {[%clk 1:30:59]} Nf6 {[%clk 1:30:52]} 2. c4 {[%clk 1:31:23]} g6
{[%clk 1:31:11]} 3. Nc3 {[%clk 1:31:45]} d5 {[%clk 1:31:37]} 4. Nf3
{[%clk 1:31:44]} Bg7 {[%clk 1:31:49]} 5. g3 {[%clk 1:31:23]} O-O {[%clk 1:32:09]}
6. cxd5 {[%clk 1:29:51]} Nxd5 {[%clk 1:32:01]} 7. Bg2 {[%clk 1:29:51]} Nxc3
{[%clk 1:31:57]} 8. bxc3 {[%clk 1:30:12]} c5 {[%clk 1:32:24]} 9. O-O
{[%clk 1:30:08]} Nc6 {[%clk 1:32:40]} 10. e3 {[%clk 1:29:18]} Qa5
{[%clk 1:32:47]} 11. Bd2 {[%clk 1:24:56]} Qa6 {[%clk 1:33:07]} 12. Qc2
{[%clk 1:21:13]} Be6 {[%clk 1:31:11]} 13. Rfc1 {[%clk 1:13:54]} Bc4
{[%clk 1:20:30]} 14. dxc5 {[%clk 1:01:21]} Rfd8 {[%clk 1:07:44]} 15. Nd4
{[%clk 0:58:18]} e5 {[%clk 1:07:50]} 16. Nb3 {[%clk 0:55:34]} Bd3
{[%clk 0:55:48]} 17. Qb2 {[%clk 0:55:27]} e4 {[%clk 0:56:03]} 18. Nd4
{[%clk 0:51:10]} Ne5 {[%clk 0:56:16]} 19. a4 {[%clk 0:43:45]} Rac8
{[%clk 0:51:35]} 20. Bf1 {[%clk 0:26:30]} Rxc5 {[%clk 0:35:32]} 21. Qb4
{[%clk 0:21:24]} Rcd5 {[%clk 0:30:46]} 22. c4 {[%clk 0:16:28]} R5d7
{[%clk 0:20:51]} 23. Qa5 {[%clk 0:04:59]} Nf3+ {[%clk 0:15:20]} 24. Nxf3
{[%clk 0:01:34]} Bxa1 {[%clk 0:14:14]} 25. Bxd3 {[%clk 0:00:47]} Rxd3
{[%clk 0:14:23]} 26. Nd4 {[%clk 0:00:42]} Qxa5 {[%clk 0:08:13]} 27. Bxa5
{[%clk 0:01:07]} b6 {[%clk 0:07:21]} 28. Rxa1 {[%clk 0:00:37]} bxa5
{[%clk 0:07:46]} 29. c5 {[%clk 0:01:01]} Rc3 {[%clk 0:07:01]} 30. c6
{[%clk 0:01:23]} Kf8 {[%clk 0:05:32]} 31. Rb1 {[%clk 0:01:35]} Rxd4
{[%clk 0:03:14]} 32. exd4 {[%clk 0:01:59]} Rxc6 {[%clk 0:03:38]} 33. Rb7
{[%clk 0:02:14]} a6 {[%clk 0:03:19]} 34. Ra7 {[%clk 0:01:57]} Kg7
{[%clk 0:03:19]} 35. Kf1 {[%clk 0:02:10]} Rd6 {[%clk 0:02:40]} 36. d5
{[%clk 0:02:08]} Rxd5 {[%clk 0:01:49]} 37. Rxa6 {[%clk 0:02:29]} Kh6
{[%clk 0:02:03]} 38. Ke2 {[%clk 0:02:34]} Kg5 {[%clk 0:02:23]} 39. h3
{[%clk 0:02:30]} h5 {[%clk 0:02:18]} 40. Ke3 {[%clk 0:02:36]} Kf5
{[%clk 0:02:41]} 41. Ra7 {[%clk 0:02:18]} f6 {[%clk 0:03:07]} 42. Ra8
{[%clk 0:01:30]} Rc5 {[%clk 0:02:46]} 43. Kd4 {[%clk 0:01:04]} Re5
{[%clk 0:02:52]} 44. Ke3 {[%clk 0:01:08]} Rd5 {[%clk 0:03:05]} 45. Ra7
{[%clk 0:01:32]} Re5 {[%clk 0:02:24]} 46. Ra6 {[%clk 0:01:45]} Kg5
{[%clk 0:02:32]} 47. Rc6 {[%clk 0:01:03]} Rf5 {[%clk 0:01:51]} 48. Ra6
{[%clk 0:00:50]} h4 {[%clk 0:01:49]} 49. Ke2 {[%clk 0:00:34]} hxg3
{[%clk 0:01:50]} 50. fxg3 {[%clk 0:01:02]} Rf3 {[%clk 0:02:05]} 51. Rxa5+
{[%clk 0:01:24]} f5 {[%clk 0:02:32]} 52. g4 {[%clk 0:01:22]} Rxh3
{[%clk 0:02:41]} 53. gxf5 {[%clk 0:01:48]} gxf5 {[%clk 0:03:05]} 54. Ra8
{[%clk 0:01:07]} Kf4 {[%clk 0:02:59]} 55. Rf8 {[%clk 0:00:38]} Ra3
{[%clk 0:03:21]} 56. Ra8 {[%clk 0:00:49]} Ra2+ {[%clk 0:03:47]} 57. Kd1
{[%clk 0:01:15]} e3 {[%clk 0:01:38]} 58. Rh8 {[%clk 0:00:54]} Kf3
{[%clk 0:01:31]} 59. Rh3+ {[%clk 0:01:06]} Ke4 {[%clk 0:01:48]} 0-1

[Event "PMPJ 2022 - C15"]
[Site "Jastrzebia Gora"]
[Date "2022.11.12"]
[Round "7.2"]
[White "Gbiorczyk, Mikolaj"]
[Black "Rylski, Tadeusz"]
[Result "1-0"]
[BlackElo "1741"]
[WhiteElo "1824"]
[LiveChessVersion "1.4.4"]

1. e4 {[%clk 1:30:31]} c6 {[%clk 1:30:14]} 2. d4 {[%clk 1:30:54]} d5
{[%clk 1:30:41]} 3. f3 {[%clk 1:31:19]} e6 {[%clk 1:30:47]} 4. Nc3
{[%clk 1:31:44]} Bb4 {[%clk 1:31:09]} 5. a3 {[%clk 1:32:09]} Bxc3+
{[%clk 1:28:19]} 6. bxc3 {[%clk 1:31:56]} dxe4 {[%clk 1:21:07]} 7. Nh3
{[%clk 1:32:20]} e3 {[%clk 1:05:04]} 8. Bxe3 {[%clk 1:29:03]} Nf6
{[%clk 1:01:38]} 9. Bd3 {[%clk 1:23:38]} O-O {[%clk 1:00:40]} 10. O-O
{[%clk 1:21:46]} Nbd7 {[%clk 0:54:10]} 11. Qe1 {[%clk 1:15:51]} Re8
{[%clk 0:49:22]} 12. Qh4 {[%clk 1:09:51]} e5 {[%clk 0:37:42]} 13. Rae1
{[%clk 1:01:09]} Nf8 {[%clk 0:34:38]} 14. Bg5 {[%clk 0:50:04]} h6
{[%clk 0:26:06]} 15. dxe5 {[%clk 0:46:50]} Bxh3 {[%clk 0:11:05]} 16. Bxf6
{[%clk 0:44:13]} Qb6+ {[%clk 0:09:54]} 17. Kh1 {[%clk 0:42:06]} Bd7
{[%clk 0:08:01]} 18. Qg3 {[%clk 0:41:09]} g6 {[%clk 0:07:08]} 19. Qh4
{[%clk 0:40:10]} Kh7 {[%clk 0:03:43]} 20. Re4 {[%clk 0:40:10]} h5
{[%clk 0:02:45]} 21. Rb4 {[%clk 0:40:05]} 1-0

[Event "PMPJ 2022 - C15"]
[Site "Jastrzebia Gora"]
[Date "2022.11.12"]
[Round "7.3"]
[White "Jaworski, Tymon"]
[Black "Sliz, Karol"]
[Result "1/2-1/2"]
[BlackElo "1678"]
[WhiteElo "1791"]
[LiveChessVersion "1.4.4"]

1. d4 {[%clk 1:30:58]} Nf6 {[%clk 1:30:59]} 2. Bf4 {[%clk 1:31:15]} e6
{[%clk 1:31:22]} 3. e3 {[%clk 1:31:28]} b6 {[%clk 1:31:43]} 4. Nd2
{[%clk 1:31:06]} c5 {[%clk 1:31:42]} 5. c3 {[%clk 1:31:28]} Bb7 {[%clk 1:31:05]}
6. Ngf3 {[%clk 1:31:44]} Be7 {[%clk 1:31:29]} 7. h3 {[%clk 1:31:40]} O-O
{[%clk 1:31:46]} 8. Bd3 {[%clk 1:31:27]} cxd4 {[%clk 1:32:07]} 9. exd4
{[%clk 1:30:20]} d6 {[%clk 1:31:52]} 10. Qc2 {[%clk 1:24:35]} Nbd7
{[%clk 1:31:49]} 11. O-O {[%clk 1:24:40]} Re8 {[%clk 1:31:30]} 12. Rfe1
{[%clk 1:22:26]} Bf8 {[%clk 1:31:39]} 13. Ng5 {[%clk 1:14:59]} g6
{[%clk 1:27:31]} 14. Nge4 {[%clk 1:13:30]} Nxe4 {[%clk 1:27:13]} 15. Bxe4
{[%clk 1:12:23]} Bxe4 {[%clk 1:25:41]} 16. Nxe4 {[%clk 1:07:45]} Nf6
{[%clk 1:19:56]} 17. Bg5 {[%clk 1:05:15]} Be7 {[%clk 1:20:06]} 18. Nxf6+
{[%clk 1:03:22]} Bxf6 {[%clk 1:20:26]} 19. Bxf6 {[%clk 1:03:39]} Qxf6
{[%clk 1:20:54]} 20. Re3 {[%clk 1:02:51]} Rec8 {[%clk 1:19:45]} 21. Qe4
{[%clk 0:54:36]} d5 {[%clk 1:19:57]} 22. Qd3 {[%clk 0:52:40]} Rc7
{[%clk 1:19:07]} 23. a4 {[%clk 0:50:32]} a6 {[%clk 1:17:37]} 24. Ra3
{[%clk 0:42:06]} Qf4 {[%clk 1:14:47]} 25. Re1 {[%clk 0:38:43]} Kg7
{[%clk 1:12:50]} 26. g3 {[%clk 0:35:59]} Qd6 {[%clk 1:12:25]} 27. Kg2
{[%clk 0:35:49]} Qc6 {[%clk 1:12:13]} 28. h4 {[%clk 0:34:05]} h5 {[%clk 1:11:42]}
29. Re2 {[%clk 0:32:00]} Qd6 {[%clk 1:10:24]} 30. Qe3 {[%clk 0:28:44]} Rac8
{[%clk 1:09:10]} 31. Qe5+ {[%clk 0:25:52]} Qxe5 {[%clk 1:09:20]} 32. Rxe5
{[%clk 0:26:18]} 1/2-1/2

[Event "PMPJ 2022 - C15"]
[Site "Jastrzebia Gora"]
[Date "2022.11.12"]
[Round "7.4"]
[White "Stepinski, Piotr"]
[Black "Duda, Szymon"]
[Result "0-1"]
[BlackElo "1697"]
[WhiteElo "1663"]
[LiveChessVersion "1.4.4"]

1. e4 {[%clk 1:30:42]} e5 {[%clk 1:30:22]} 2. Nf3 {[%clk 1:31:07]} Nc6
{[%clk 1:30:46]} 3. Nc3 {[%clk 1:31:34]} Nf6 {[%clk 1:30:57]} 4. a3
{[%clk 1:32:00]} d6 {[%clk 1:26:26]} 5. d4 {[%clk 1:32:27]} Bg4 {[%clk 1:25:06]}
6. d5 {[%clk 1:30:11]} Nd4 {[%clk 1:20:57]} 7. Be2 {[%clk 1:25:03]} Bxf3
{[%clk 1:04:19]} 8. Bxf3 {[%clk 1:25:21]} c6 {[%clk 1:04:20]} 9. Be3
{[%clk 1:22:19]} Qb6 {[%clk 0:53:57]} 10. O-O {[%clk 1:11:24]} cxd5
{[%clk 0:51:34]} 11. Bxd4 {[%clk 1:10:16]} Qxd4 {[%clk 0:50:26]} 12. Qxd4
{[%clk 1:10:43]} exd4 {[%clk 0:50:50]} 13. Nxd5 {[%clk 1:11:11]} Nxd5
{[%clk 0:50:37]} 14. exd5 {[%clk 1:11:40]} Be7 {[%clk 0:50:50]} 15. Rfe1
{[%clk 1:12:09]} Kd8 {[%clk 0:50:45]} 16. Kf1 {[%clk 1:10:15]} Rc8
{[%clk 0:45:13]} 17. Re2 {[%clk 1:10:10]} Bf6 {[%clk 0:43:59]} 18. Ke1
{[%clk 1:10:05]} Re8 {[%clk 0:40:50]} 19. Rxe8+ {[%clk 1:10:28]} Kxe8
{[%clk 0:41:15]} 20. Kd2 {[%clk 1:10:44]} Rc7 {[%clk 0:41:08]} 21. Re1+
{[%clk 1:11:01]} Re7 {[%clk 0:37:42]} 22. Rxe7+ {[%clk 1:11:29]} Kxe7
{[%clk 0:38:04]} 23. Kd3 {[%clk 1:11:57]} g6 {[%clk 0:37:41]} 24. b4
{[%clk 1:12:22]} Bg7 {[%clk 0:35:49]} 25. Kc4 {[%clk 1:12:34]} Kd7
{[%clk 0:35:55]} 26. a4 {[%clk 1:12:40]} Kc7 {[%clk 0:36:04]} 27. g3
{[%clk 1:11:35]} Kd7 {[%clk 0:35:58]} 28. Bg2 {[%clk 1:12:04]} Kc7
{[%clk 0:35:30]} 29. Bf1 {[%clk 1:12:15]} Kd7 {[%clk 0:34:51]} 30. h4
{[%clk 1:12:27]} Kc7 {[%clk 0:33:58]} 31. Bd3 {[%clk 1:12:33]} h5
{[%clk 0:27:34]} 32. f3 {[%clk 1:11:44]} a6 {[%clk 0:14:51]} 33. Kb3
{[%clk 1:11:10]} Bh6 {[%clk 0:13:45]} 34. f4 {[%clk 1:10:44]} f5 {[%clk 0:14:09]}
35. a5 {[%clk 1:11:12]} b5 {[%clk 0:13:49]} 36. axb6+ {[%clk 1:11:33]} Kxb6
{[%clk 0:14:04]} 37. Ka4 {[%clk 1:12:03]} Bg7 {[%clk 0:14:10]} 38. Bc4
{[%clk 1:12:27]} d3 {[%clk 0:13:35]} 39. Bxd3 {[%clk 1:11:27]} Bc3
{[%clk 0:10:24]} 40. Kb3 {[%clk 1:11:55]} Be1 {[%clk 0:10:49]} 41. c4
{[%clk 1:11:52]} Bxg3 {[%clk 0:09:22]} 42. c5+ {[%clk 1:12:14]} dxc5
{[%clk 0:09:09]} 43. d6 {[%clk 1:04:05]} cxb4 {[%clk 0:06:31]} 44. Bc4
{[%clk 1:03:33]} Bxf4 {[%clk 0:04:38]} 45. Bf7 {[%clk 1:03:56]} Bxd6
{[%clk 0:04:28]} 46. Bxg6 {[%clk 1:04:18]} f4 {[%clk 0:04:04]} 47. Bxh5
{[%clk 1:04:18]} Be7 {[%clk 0:04:13]} 48. Be2 {[%clk 1:04:38]} Bxh4
{[%clk 0:02:34]} 49. Kxb4 {[%clk 1:05:07]} Be1+ {[%clk 0:02:50]} 50. Kc4
{[%clk 1:05:30]} Bd2 {[%clk 0:03:03]} 51. Bf3 {[%clk 1:05:59]} Be3
{[%clk 0:03:05]} 52. Bd1 {[%clk 1:05:39]} Kc6 {[%clk 0:03:09]} 53. Kb4
{[%clk 1:05:59]} Bd2+ {[%clk 0:03:34]} 54. Kc4 {[%clk 1:06:26]} Kd6
{[%clk 0:03:43]} 55. Bf3 {[%clk 1:04:06]} Ke5 {[%clk 0:03:37]} 56. Bc6
{[%clk 1:03:10]} Kf5 {[%clk 0:02:00]} 57. Kd3 {[%clk 1:03:14]} Be3
{[%clk 0:01:49]} 58. Ke2 {[%clk 1:03:38]} Kg4 {[%clk 0:01:47]} 59. Be4
{[%clk 0:55:55]} Kg3 {[%clk 0:02:01]} 60. Bd5 {[%clk 0:56:22]} a5
{[%clk 0:02:21]} 61. Bc6 {[%clk 0:55:55]} Bc5 {[%clk 0:02:30]} 62. Ke1
{[%clk 0:54:53]} f3 {[%clk 0:02:17]} 63. Kf1 {[%clk 0:55:18]} Kf4
{[%clk 0:02:07]} 64. Ke1 {[%clk 0:55:31]} Ke3 {[%clk 0:02:05]} 65. Bb5
{[%clk 0:55:56]} f2+ {[%clk 0:02:18]} 66. Kd1 {[%clk 0:56:04]} a4
{[%clk 0:02:25]} 67. Kc2 {[%clk 0:56:30]} a3 {[%clk 0:02:41]} 68. Bf1
{[%clk 0:56:55]} Kf3 {[%clk 0:02:49]} 69. Kb3 {[%clk 0:55:54]} Kg3
{[%clk 0:03:09]} 70. Be2 {[%clk 0:55:52]} Kg2 {[%clk 0:03:31]} 71. Kc2
{[%clk 0:56:15]} f1=Q {[%clk 0:03:46]} 72. Bxf1+ {[%clk 0:56:44]} Kxf1
{[%clk 0:04:06]} 73. Kc3 {[%clk 0:57:06]} Ke2 {[%clk 0:04:32]} 74. Kc2
{[%clk 0:57:35]} Ke3 {[%clk 0:04:52]} 75. Kc3 {[%clk 0:58:01]} Ke4
{[%clk 0:05:16]} 76. Kc2 {[%clk 0:57:12]} Kd5 {[%clk 0:05:40]} 77. Kc3
{[%clk 0:57:37]} Kc6 {[%clk 0:06:03]} 78. Kb3 {[%clk 0:58:03]} Kb5
{[%clk 0:06:29]} 79. Kc3 {[%clk 0:58:29]} Ka4 {[%clk 0:06:45]} 80. Kc2
{[%clk 0:58:52]} Bd4 {[%clk 0:07:06]} 81. Kb1 {[%clk 0:57:01]} Kb3
{[%clk 0:07:29]} 82. Kc1 {[%clk 0:57:30]} Bb2+ {[%clk 0:07:50]} 83. Kb1
{[%clk 0:56:27]} a2# {[%clk 0:07:55]} 0-1

[Event "PMPJ 2022 - C15"]
[Site "Jastrzebia Gora"]
[Date "2022.11.12"]
[Round "7.5"]
[White "Lonski, Aleksander"]
[Black "Wandor, Adam"]
[Result "1/2-1/2"]
[BlackElo "1585"]
[WhiteElo "1656"]
[LiveChessVersion "1.4.4"]

1. e4 {[%clk 1:30:58]} c5 {[%clk 1:30:56]} 2. c4 {[%clk 1:31:21]} Nc6
{[%clk 1:31:20]} 3. Nc3 {[%clk 1:31:43]} g6 {[%clk 1:31:42]} 4. d3
{[%clk 1:31:51]} Bg7 {[%clk 1:31:54]} 5. Nge2 {[%clk 1:32:12]} d6
{[%clk 1:31:39]} 6. Be3 {[%clk 1:31:38]} Nf6 {[%clk 1:31:40]} 7. h3
{[%clk 1:30:37]} Bd7 {[%clk 1:30:42]} 8. Qd2 {[%clk 1:29:57]} a6 {[%clk 1:26:24]}
9. d4 {[%clk 1:21:17]} cxd4 {[%clk 1:26:25]} 10. Nxd4 {[%clk 1:21:38]} O-O
{[%clk 1:25:56]} 11. Be2 {[%clk 1:20:58]} Rc8 {[%clk 1:25:41]} 12. O-O
{[%clk 1:20:47]} Re8 {[%clk 1:24:13]} 13. Rac1 {[%clk 1:18:56]} Nxd4
{[%clk 1:17:59]} 14. Bxd4 {[%clk 1:18:15]} Qa5 {[%clk 1:13:43]} 15. Qd3
{[%clk 1:01:30]} Be6 {[%clk 1:08:55]} 16. b3 {[%clk 0:56:26]} Nd7
{[%clk 0:56:58]} 17. Bxg7 {[%clk 0:53:22]} Kxg7 {[%clk 0:57:21]} 18. Kh1
{[%clk 0:45:49]} f6 {[%clk 0:52:48]} 19. Qg3 {[%clk 0:38:06]} Rc7
{[%clk 0:44:46]} 20. f4 {[%clk 0:28:58]} b5 {[%clk 0:34:39]} 21. Bg4
{[%clk 0:11:07]} Bxg4 {[%clk 0:22:24]} 22. Qxg4 {[%clk 0:11:25]} Nb6
{[%clk 0:21:23]} 23. Qe6 {[%clk 0:06:50]} bxc4 {[%clk 0:19:25]} 24. bxc4
{[%clk 0:04:17]} Rxc4 {[%clk 0:17:23]} 25. e5 {[%clk 0:04:03]} dxe5
{[%clk 0:10:19]} 26. fxe5 {[%clk 0:03:47]} Qxe5 {[%clk 0:07:56]} 27. Qxb6
{[%clk 0:03:23]} Rxc3 {[%clk 0:06:36]} 28. Rce1 {[%clk 0:03:09]} Qc7
{[%clk 0:02:11]} 29. Qxa6 {[%clk 0:02:53]} Qc6 {[%clk 0:01:42]} 30. Qa7
{[%clk 0:01:36]} Kf7 {[%clk 0:00:59]} 31. Re3 {[%clk 0:00:52]} Rxe3
{[%clk 0:00:44]} 32. Qxe3 {[%clk 0:01:15]} Qc4 {[%clk 0:00:46]} 33. Ra1
{[%clk 0:00:34]} Rd8 {[%clk 0:00:39]} 34. Re1 {[%clk 0:00:40]} Rd7
{[%clk 0:00:39]} 35. a4 {[%clk 0:00:36]} Kg7 {[%clk 0:00:47]} 36. a5
{[%clk 0:00:41]} Qa6 {[%clk 0:00:39]} 37. Qc5 {[%clk 0:00:39]} Qd6
{[%clk 0:00:43]} 38. Qb5 {[%clk 0:00:39]} e5 {[%clk 0:00:37]} 39. a6
{[%clk 0:00:33]} Qd2 {[%clk 0:00:36]} 40. Ra1 {[%clk 0:00:35]} Qd4
{[%clk 0:00:38]} 41. Qa5 {[%clk 0:00:48]} Ra7 {[%clk 0:00:41]} 42. Rb1
{[%clk 0:00:50]} e4 {[%clk 0:00:39]} 43. Rb7+ {[%clk 0:00:35]} Kh6
{[%clk 0:00:46]} 44. Rxa7 {[%clk 0:00:34]} Qxa7 {[%clk 0:01:04]} 45. Qb5
{[%clk 0:00:33]} e3 {[%clk 0:00:52]} 46. g3 {[%clk 0:00:44]} Qe7 {[%clk 0:00:37]}
47. Qb7 {[%clk 0:00:31]} Qd8 {[%clk 0:00:34]} 48. Qf3 {[%clk 0:00:31]} Qe7
{[%clk 0:00:38]} 49. Qe2 {[%clk 0:00:31]} Qe4+ {[%clk 0:00:37]} 50. Kg1
{[%clk 0:00:44]} Qd4 {[%clk 0:00:40]} 51. Kf1 {[%clk 0:00:35]} g5
{[%clk 0:00:38]} 52. Qc2 {[%clk 0:00:40]} Qa1+ {[%clk 0:00:39]} 53. Ke2
{[%clk 0:00:53]} Qxa6+ {[%clk 0:00:57]} 54. Kxe3 {[%clk 0:01:19]} Qe6+
{[%clk 0:01:12]} 55. Kf2 {[%clk 0:01:05]} Qxh3 {[%clk 0:01:18]} 56. Qc6
{[%clk 0:01:08]} Qh2+ {[%clk 0:01:22]} 57. Kf1 {[%clk 0:01:22]} Qb2
{[%clk 0:00:51]} 58. Qd6 {[%clk 0:01:21]} Qe5 {[%clk 0:00:42]} 59. Qd3
{[%clk 0:01:20]} f5 {[%clk 0:00:48]} 60. Kf2 {[%clk 0:01:00]} Qc5+
{[%clk 0:00:50]} 61. Kg2 {[%clk 0:01:05]} Qe5 {[%clk 0:00:56]} 62. Qd2
{[%clk 0:00:37]} Kh5 {[%clk 0:00:47]} 63. Qd1+ {[%clk 0:00:48]} g4
{[%clk 0:00:53]} 64. Qd2 {[%clk 0:00:57]} Qe4+ {[%clk 0:00:56]} 65. Kh2
{[%clk 0:00:48]} Qe6 {[%clk 0:00:53]} 66. Qb2 {[%clk 0:00:39]} Kg6
{[%clk 0:00:55]} 67. Qd2 {[%clk 0:00:31]} h5 {[%clk 0:01:00]} 68. Kg2
{[%clk 0:00:45]} Qf6 {[%clk 0:00:54]} 69. Qa2 {[%clk 0:00:50]} Qf7
{[%clk 0:00:48]} 70. Qd2 {[%clk 0:00:39]} Qe7 {[%clk 0:00:49]} 71. Qa2
{[%clk 0:00:48]} Qb7+ {[%clk 0:00:39]} 72. Kh2 {[%clk 0:01:01]} Kf6
{[%clk 0:00:41]} 73. Qd2 {[%clk 0:01:07]} Qh7 {[%clk 0:00:37]} 74. Qd6+
{[%clk 0:01:29]} Kg7 {[%clk 0:00:42]} 75. Qe7+ {[%clk 0:01:46]} Kh6
{[%clk 0:00:52]} 76. Qe3+ {[%clk 0:02:06]} f4 {[%clk 0:00:53]} 77. Qxf4+
{[%clk 0:02:26]} Kg7 {[%clk 0:01:13]} 78. Qe5+ {[%clk 0:02:43]} Kf7
{[%clk 0:01:26]} 79. Qc7+ {[%clk 0:03:02]} 1/2-1/2